00337nam a2200133Ia 4500003000500000005001700005008004100022020001800063040000900081082001700090100004100107245001000148260004500158322820250415122812.0210816s9999 xx 000 0 und d a9781405336734 c3228 aJ 523.3 MITT a MITTON, Jacqueline London, 2009  0aMoon  aLondonbDorling Kindersley Limitedc2009